Decision intelligence: human-machine integration for decision-making / Miriam O'Callaghan. (Record no. 22389)

000 -LEADER
fixed length control field 01034nam a22001697a 4500
020 ## - INTERNATIONAL STANDARD BOOK NUMBER
ISBN 9781032384092
082 ## - DEWEY DECIMAL CLASSIFICATION NUMBER
Classification number 658.4
Item number O'999 2023
100 ## - MAIN ENTRY--AUTHOR NAME
Personal name O'Callaghan, Miriam, author
245 ## - TITLE STATEMENT
Title Decision intelligence: human-machine integration for decision-making / Miriam O'Callaghan.
250 ## - EDITION STATEMENT
Edition statement First edition.
260 ## - PUBLICATION, DISTRIBUTION, ETC. (IMPRINT)
Place of publication Boca Raton :
Name of publisher CRC Press, Taylor & Francis Groups,
Year of publication c2023.
300 ## - PHYSICAL DESCRIPTION
Number of Pages 1 online resource, xix, 246 pages :
Other physical details illustrations.
500 ## - GENERAL NOTE
General note Includes bibliographical references and index.
520 ## - SUMMARY, ETC.
Summary, etc "Although DI is already becoming popular as an important discipline, there is not enough literature available for learning, research, and innovation. The comprehensive coverage of important topics in DI makes this book a valuable contribution to academic literature. Prerequisites to understand the concepts in this book include basic quantitative analysis skills and an understanding of how computer technologies work"-- Provided by publisher.
650 ## - SUBJECT ADDED ENTRY--TOPICAL TERM
Topical Term Decision support systems.
942 ## - ADDED ENTRY ELEMENTS (KOHA)
Koha item type Electronic Books
Holdings
Source of acquisition Permanent Location Date acquired Collection code Koha item type Lost status Shelving location Withdrawn status Current Location Full call number
DonationCagayan State University - Carig Library2026-04-14E-BooksElectronic Books E-Resource Section Cagayan State University - Carig Library658.4 O'999 2023

Cagayan State University University Library, Carig Campus
Tuguegarao City, Cagayan 3500 | www.csucarig.edu.ph

Powered by Koha